MARC

LEADER 00000nam0a2200000 4500
001 250896
005 20231101232615.0
035 |a (RuTPU)RU\TPU\book\273133 
090 |a 250896 
100 |a 20140217d1987 k y0rusy50 ca 
101 0 |a rus 
102 |a RU 
105 |a a z 001zy 
200 1 |a Моделирование технологических процессов при подземной разработке рудных месторождений  |e сборник научных трудов  |f Академия наук СССР (АН СССР), Сибирское отделение (СО), Институт горного дела (ИГД) ; под ред. Е. И. Шемякина 
210 |a Новосибирск  |c Изд-во ИГД  |d 1987 
215 |a 181 с.  |c ил. 
320 |a Библиогр. в конце ст. 
606 1 |a Рудничное оборудование  |x Для подземных работ  |2 stltpush  |3 (RuTPU)RU\TPU\subj\25636  |9 49740 
610 1 |a технологические процессы 
610 1 |a рудные месторождения 
610 1 |a моделирование 
610 1 |a математическое моделирование 
610 1 |a месторождения 
610 1 |a Сибирь 
610 1 |a горные работы 
610 1 |a математические модели 
610 1 |a технико-экономические показатели 
675 |a 622.272:658  |v 3 
702 1 |a Шемякин  |b Е. И.  |4 340 
712 0 2 |a Академия наук СССР (АН СССР)  |b Сибирское отделение (СО)  |b Институт горного дела (ИГД)  |c (Новосибирск)  |2 stltpush  |3 (RuTPU)RU\TPU\col\11352 
801 1 |a RU  |b 63413507  |c 20140217 
801 2 |a RU  |b 63413507  |c 20140528  |g RCR 
942 |c BK